| 000 | 01078cam a2200337 i 4500 | ||
|---|---|---|---|
| 001 | 016120040 | ||
| 003 | EG-ScBUE | ||
| 005 | 20241117102606.0 | ||
| 008 | 130222t2012 njua f 001 0 eng d | ||
| 020 | _a9780133100013 | ||
| 020 | _a0133100014 | ||
| 040 |
_aIiNdDKA _beng _erda _cIiNdDKA _dEG-ScBUE |
||
| 082 | 0 | 4 |
_a519.5 _222 _bDON |
| 100 | 1 |
_aDonnelly, Robert A., _cJr. _eauthor. |
|
| 245 | 1 | 0 |
_aBusiness statistics / _cRobert A. Donnelly, Jr. |
| 250 | _aInternational edition. | ||
| 264 | 1 |
_aUpper Saddle River, New Jersey : _bPerson Education / Prentice Hall, _c[2012] |
|
| 264 | 4 | _cc2012 | |
| 300 |
_axxxi, 946 pages : _billustrations (some color) ; _c28 cm. |
||
| 336 |
_2rdacontent _atext _btxt |
||
| 337 |
_aunmediated _2rdamedia _bn |
||
| 338 |
_avolume _bnc _2rdacarrier |
||
| 490 | 0 | _aAlways learning | |
| 500 | _aIncludes index. | ||
| 650 | 7 |
_aCommercial statistics. _2BUEsh _9802 |
|
| 650 | 7 |
_aIndustrial management _xStatistical methods. _2BUEsh _931995 |
|
| 651 | _2BUEsh | ||
| 653 |
_bBUSECO _cNovember2016 |
||
| 655 | _vReading book | ||
| 942 |
_2ddc _cBB |
||
| 999 |
_c23360 _d23332 |
||